000 00255nam a22001097a 4500
008 131217t xxu||||| |||| 00| 0 eng d
020 _a0-00-616541-9
100 _aAgatha Christie
_9445
245 _aThe Seven Dials Mystery
300 _a340
942 _2ddc
_cBK
999 _c16716
_d16716